| 000 | 00535nam a22001817a 4500 | ||
|---|---|---|---|
| 999 |
_c5882 _d5882 |
||
| 003 | AR-CdUCM | ||
| 008 | 190313b ||||| |||| 00| 0 spa d | ||
| 040 |
_aMUNICIPALIDAD PROVINCIAL DEL CUSCO _cBIBLIOTECA MUNICIPAL DEL CUSCO |
||
| 082 |
_22ed. corregida y aumentada _a869.56 / _bP59 |
||
| 100 |
_aPino, Isabel del _917353 |
||
| 245 | _aAlmamor / | ||
| 260 |
_aLima : _bVera Chamorro, _c1999. |
||
| 300 |
_a103 páginas ; _c21 cm. |
||
| 650 |
_aPoesías peruanas _91481 |
||
| 650 |
_aSiglo XX _98 |
||
| 942 |
_2ddc _cLIBROS |
||
| 945 | _azta | ||